000 00770nam a2200289Ia 4500
003 OSt
005 20221006144254.0
006 a|||||r|||| 00| 0
007 ta
008 221006b |||||||| |||| 00| 0 eng d
020 _c£16.75
024 _a11,301
037 _cTextual
040 _aEASL
_cEASL
_beng
041 _2eng
_aeng
082 _aU2.41.N6, K9.1
245 0 _aPhysical geography of China. 2 Vols.
260 _aNew York
_bFrederick A. Praeger Pub.
_c1969
300 _a448p.
_ccm.
490 _v V.1CEL
650 _a CEL
650 _a Flora - vegetation
_9651351
650 _a Inland - waters
_9651352
650 _aChina on the map of Asia
_9651353
942 _hU2.41.N6, K9.1
_cTEXL
_2CC
999 _c1079387
_d1079387